Měsíční vlci. Poslední bitva /

Závěrečný díl dobrodružného fantasy románu o vlčí smečce, ve kterém se rozhodne o osudu celého fjordu.

Uloženo v:
Série:Měsíční vlci, část 3
Hlavní autor: Art, Charly, 2003- (Autor)
Další autoři: Řežábek, Rudolf, 1944- (Autor)
Médium: Kniha
Jazyk:Czech
Vydáno: Praha : Euromedia Group, 2026
Vydání:Vydání první
Edice:Pikola (Euromedia)
Témata:
Celkem bylo vypůjčeno:0x
Příbuzné jednotky:Z cyklu:: Měsíční vlci
Tagy:
Žádné tagy
LEADER 02644nam a2200577 i 4500
001 106447
003 CZ PrNK
005 20260603075201.0
007 ta
008 260526s2026 xr c 000 f cze
015 |a cnb003750316 
020 |a 9788028407681  |q (brožováno) 
040 |a ABG001  |b cze  |e rda 
041 1 |a cze  |h ger 
072 7 |a 821.112.2-3  |x Německá próza, německy psaná  |2 Konspekt  |9 25 
072 7 |a 821-93  |x Literatura pro děti a mládež (beletrie)  |2 Konspekt  |9 26 
080 |a 821.112.2-31  |2 MRF 
080 |a 821-93  |2 MRF 
080 |a (0:82-311.3)  |2 MRF 
080 |a (0:82-312.9)  |2 MRF 
100 1 |a Art, Charly,  |d 2003-  |7 xx0330777  |4 aut  |9 116178 
240 1 0 |a Letzte Schlacht.  |l Česky 
245 1 0 |a Měsíční vlci.  |p Poslední bitva /  |c Charly Art ; přeložil Rudolf Řežábek 
246 3 0 |a Poslední bitva 
250 |a Vydání první 
264 1 |a Praha :  |b Euromedia Group,  |c 2026 
300 |a 282 stran ;  |c 21 cm 
336 |a text  |b txt  |2 rdacontent 
337 |a bez média  |b n  |2 rdamedia 
338 |a svazek  |b nc  |2 rdacarrier 
490 1 |a Pikola 
500 |a Přeloženo z němčiny 
520 2 |a Závěrečný díl dobrodružného fantasy románu o vlčí smečce, ve kterém se rozhodne o osudu celého fjordu.  |b Zdánlivý mír dává vlkům u fjordu falešný pocit bezpečí. Smečka temnoty však ve skrytu shromažďuje své síly, aby znovu zaútočila. Tamani stojí před takřka nesplnitelným úkolem: sjednotit roztříštěné klany, které dávno zapomněly, jak držet při sobě. Musí jednat rychle - v ohrožení je i Shira a jejich mláďata. Tamani ví, že jen on je může zachránit, a vydává se na svou pravděpodobně nejdůležitější výpravu. Nakladatelská anotace. Kráceno. 
521 8 |a Pro čtenáře od 10 let 
655 7 |a německé romány  |7 fd132945  |2 czenas  |9 53752 
655 7 |a dobrodružné romány  |7 fd132061  |2 czenas  |9 53558 
655 7 |a fantasy romány  |7 fd184199  |2 czenas  |9 54250 
655 7 |a publikace pro děti  |7 fd133156  |2 czenas  |9 23 
655 9 |a German fiction  |2 eczenas 
655 9 |a adventure novels  |2 eczenas 
655 9 |a fantasy novels  |2 eczenas 
655 9 |a children's literature  |2 eczenas 
700 1 |a Řežábek, Rudolf,  |d 1944-  |7 ola2003198081  |4 trl  |9 112816 
710 2 |a Euromedia Group  |7 kn20100114009  |4 pbl  |9 117126 
765 1 |t Moonlight Wolves 
787 0 8 |i Z cyklu:  |t Měsíční vlci  |g 3 
830 0 |a Pikola (Euromedia) 
910 |a UOG502 
942 |2 ddc  |c KN 
999 |d 106447 
993 |0 0  |1 421180107163  |2 ddc  |4 0  |6 M_I  |7 0  |9 99876  |b 0  |c 107163  |d 2026-06-03  |e 0  |f M  |g M/I  |h 329.00  |i Koupě  |l M  |r 2026-06-03  |t 8  |w 2026-06-03  |y KN  |z BELET  |n